00347 a2200097 4500020001800000100003500018245003700053999001900090942004800109952009200157 a9781868390667 aMcCallaghan, Marilee 9122992 aDie Ontwaking van Patrys Loreman c731261d731260 w2694xGrace Mofokengy296zPhillipina Naude 001040709662872aKINRLbKINRLd2022-09-07l0p33228017708080r2022-09-07w2022-09-07